Statistics for Football/Soccer players by Country #3

Click here to take the quiz!

General Stats

  • This quiz has been taken 30 times
  • The average score is 15 of 24

Answer Stats

Hint Answer % Correct
Tim CahillAustralia
88%
Radamel FalcaoColombia
83%
Darren FletcherScotland
83%
Aaron RamseyWales
79%
Christian VieriItaly
75%
Mohamed SalahEgypt
71%
Emmanuel AdebayorTogo
71%
Jozy AltidoreUnited States
71%
Bojan KrkicSpain
67%
John Obi MikelNigeria
67%
GervinhoIvory Coast
67%
Bruno Martins IndiNetherlands
63%
Balázs DzsudzsákHungary
58%
Antonio RüdigerGermany
58%
Stevan JoveticMontenegro
58%
Jefferson FarfanPeru
54%
Radja NainggolanBelgium
54%
Hakan SukurTurkey
54%
Samir HandanovicSlovenia
50%
SimãoPortugal
50%
Mehdi BenatiaMorocco
46%
Carlos KameniCameroon
38%
Kakha KaladzeGeorgia
33%
Lorik CanaAlbania
25%

Score Distribution

Percentile by Number Answered

Percent of People with Each Score

Your Score History

You have not taken this quiz